skbl

Dr Suryya Kumar Bhuyan Library Web-OPAC
ডঃ সূৰ্য্য
কুমাৰ ভূঞা পুথিভঁৰাল ৱেব-অ'পেক

All Research Scholars are advised to clear the annual library fees to continue using Library Resources, Remote Access, Plagiarism Test and Library Clearance.

Cotton University Book Fair 2026

Women`s agency and social change : (Record no. 66006)

MARC details
000 -LEADER
fixed length control field 00513nam a2200169Ia 4500
001 - CONTROL NUMBER
control field 64906
008 - FIXED-LENGTH DATA ELEMENTS--GENERAL INFORMATION
fixed length control field 211115n ii |||gr||||Z||||||465
020 ## - INTERNATIONAL STANDARD BOOK NUMBER
International Standard Book Number 9788132111382
082 ## - DEWEY DECIMAL CLASSIFICATION NUMBER
Classification number 305.40954
100 ## - MAIN ENTRY--PERSONAL NAME
Personal name Deka, Meeta,
Relator term Author.
245 #0 - TITLE STATEMENT
Title Women`s agency and social change :
Remainder of title : Assam and beyond /
Statement of responsibility, etc. Meeta Deka .
Medium Textual Documents
260 ## - PUBLICATION, DISTRIBUTION, ETC.
Place of publication, distribution, etc. New Delhi:
Name of publisher, distributor, etc. Sage Publications India Pvt. Ltd.,
Date of publication, distribution, etc. 2013.
300 ## - PHYSICAL DESCRIPTION
Extent xxvii,200p.:
Dimensions 22cm.
653 ## - INDEX TERM--UNCONTROLLED
Uncontrolled term Social change
653 ## - INDEX TERM--UNCONTROLLED
Uncontrolled term Women agency
942 ## - ADDED ENTRY ELEMENTS (KOHA)
Source of classification or shelving scheme Dewey Decimal Classification
Koha item type Books
Holdings
Withdrawn status Lost status Damaged status Not for loan Collection Home library Current library Date acquired Source of acquisition Coded location qualifier Cost, normal purchase price Total checkouts Full call number Barcode Date last seen Copy number Price effective from Koha item type Public note
          Dr. Suryya Kumar Bhuyan Library Dr. Suryya Kumar Bhuyan Library 15/11/2021 34 00000 995.00   305.40954 D279W 3278/CU/HIS 14/01/2024 1 15/11/2021 Books 34

Designed and Maintained by Team SKBL
©1901-2026

Powered by Koha